000 002490000a22000970004500
100 1 _aDawson, Jim
245 1 0 _aBuilding a future
300 _aVol. 3, Num. 1 (Agosto-Octubre, 2001), PáginaS 5-7
773 0 _tHope for Children in Crisis
942 _cANA
999 _c55223
_d55223